00309 a2200109 4500001000900000005001700009008004100026245004500067100002800112773004200140999001700182ART_684420260410161621.0260409a 10aAcción revocatoria concursal concursal1 aTruffat, Edgardo Daniel0 tEnfoquesg- Nº 7 (jul. 2010)wREV416 c11567d11567